Atlas Rzeczypospolitej Polskiej = (Rekord nr 24324)
| 000 -ETYKIETA REKORDU | |
|---|---|
| podpole kontrolne o stałej długości | 00993nem a2200241 i 4500 |
| 001 - NUMER KONTROLNY REKORDU | |
| pole kontrolne | bg |
| 020 ## - MIĘDZYNARODOWY ZNORMALIZOWANY NUMER KSIĄŻKI - ISBN | |
| ISBN | 8386339004 |
| 040 ## - ŹRÓDŁO KATALOGOWANIA | |
| Instytucja, która utworzyła rekord | BPK |
| 041 ## - KOD JĘZYKA | |
| Kod języka tekstu | pl |
| Kod języka streszczenia lub abstraktu | en |
| 080 ## - UNIWERSALNA KLASYFIKACJA DZIESIĘTNA - UKD | |
| UKD | 912(438) |
| 920 ## - Międzynarodowy znormalizowany numer książki – ISBN | |
| ISBN | 83-86339-00-4 |
| 008 - POLE O STAŁEJ DŁUGOŚCI - DANE KONTROLNE | |
| podpole kontrolne o stałej długości | s pl f |000 0 pol |
| 245 #0 - TYTUŁ/ODPOWIEDZIALNOŚĆ | |
| Tytuł | Atlas Rzeczypospolitej Polskiej = |
| Ciąg dalszy tytułu | Atlas of the Republic of Poland / |
| Pozostałe elementy strefy tytułu i oznaczenia odpowiedzialności | red.nacz. Michał Najgrakowski ; Polska Akademia Nauk. Instytut Geografii i Przestrzennego Zagospodarowania im.Stanisława Leszczyckiego (Warszawa). |
| 260 ## - STREFA ADRESU WYDAWNICZEGO | |
| Miejsce wydania | Warszawa : |
| Nazwa wydawcy/dystrybutora | Główny Geodeta Kraju, |
| Data publikacji, dystrybucji/powstania dokumentu | 1993-1997. |
| 300 ## - STREFA OPISU FIZYCZNEGO | |
| Objętość | Ca 100 k. : |
| Inne cechy fizyczne | mapy, rys.,wykr. ; |
| Rozmiary | 52 x 35 cm + |
| Dokument towarzyszący | Informacje ogólne, spis treści, skorowidz nazw: 317 s. ; 32 cm. |
| 501 ## - UWAGA DOTYCZĄCA PRAC WSPÓŁWYDANYCH | |
| Tekst uwagi | Tekst częśc. ang. |
| 630 09 - HASŁO PRZEDMIOTOWE W FORMIE TYTUŁU UJEDNOLICONEGO | |
| Tytuł ujednolicony | Atlas Rzeczypospolitej Polskiej |
| 650 #9 - HASŁO PRZEDMIOTOWE W FORMIE NAZWY OGÓLNEJ LUB JEDNOSTKOWEJ | |
| Nazwa ogólna lub geograficzna | Polska |
| 655 ## - TERMIN INDEKSOWY - OKREŚLENIE RODZAJU/FORMY DOKUMENTU | |
| Określenie rodzaju/formy dokumentu | Mapy |
| 700 1# - HASŁO DODATKOWE - NAZWA OSOBOWA | |
| Nazwa osobowa | NAJGRAKOWSKI, Michał |
| 710 ## - HASŁO DODATKOWE - NAZWA CIAŁA ZBIOROWEGO | |
| Nazwa ciała zbiorowego lub jednostki geograficznej | Polska Akademia Nauk |
| Nazwa jednostki podrzędnej | Instytut Geografii i Przestrzennego Zagospodarowania im. Stanisława Leszczyckiego (Warszawa) |
| 856 ## - LOKALIZACJA I DOSTĘP DO ELEKTRONICZNYCH DOKUMENTÓW ZDALNYCH | |
| Link (URL) | http://koha.tu.koszalin.pl/cgi-bin/koha/opac-detail.pl?biblionumber=24324 |
| Tekst linku | Katalog online BPK |
| 942 ## - DODATKOWE ELEMENTY (KOHA) | |
| Typ dokumentu | Kartograficzne |
| Wycofany | Status egzemplarza | Uszkodzony | Dostępność | Lokalizacja stała | Lokalizacja bieżąca | Miejsce przechowywania | Sygnatura | Kod kreskowy | Dział | Typ dokumentu |
|---|---|---|---|---|---|---|---|---|---|---|
| Tylko na miejscu | Biblioteka Politechniki Koszalińskiej | Biblioteka Politechniki Koszalińskiej | Czytelnia BG | MP 1047 | 01451849 | 91 Geografia | Kartograficzne |
